000 00261nam a2200109Ia 4500
005 20251222143259.0
008 251222s9999||||xx |||||||||||||| ||spa||
082 _a336.34/D63
245 0 _aLa Deuda Externa:
264 _bFundación Friedrich Ebert
942 _cLIB
999 _c15276
_d15276